Normal view MARC view
  • Santullano, Luis,

Entry Nombre Personal

Number of records used in: 6

001 - NUMERO DE CONTROL

  • campo de control: 30657

003 - IDENTIFICADOR DE NUMERO DE CONTROL

  • campo de control: DLC

005 - FECHA Y HORA DE LA ÜLTIMA TRANSACCIÓN

  • campo de control: 20240621112419.0

008 - DATOS DE LONGITUD FIJA

  • campo de control de longitud fija: 920622n| azannaab |a aaa c

010 ## - NÚMERO DE CONTROL DE LA BIBLIOTECA DEL CONGRESO

  • Número de control LC: no 92015836

040 ## - FUENTE DE CATALOGACIÓN

  • Agencia original de catalogación: MoSU-L
  • Lenguaje de catalogación: spa
  • Description conventions: rda
  • Agencia de transcripción: MoSU-L
  • Agencia que lo modifica: DLC
  • Agencia que lo modifica: MX-MxUPN

046 ## - FECHAS CON CODIFICACIÓN ESPECIAL

  • Fecha de nacimiento: 1879
  • Fecha de muerte: 1952

053 #0 - NÚMERO DE CLASIFICACIÓN LC

  • Número de clasificación elemento-número único o número inicial de tramo: PQ6635.A67

100 1# - ENCABEZAMIENTO - NOMBRE PERSONAL

  • Nombre personal: Santullano, Luis,
  • Fechas asociadas con el nombre: 1879-1952

370 ## - LUGAR ASOCIADO

  • Place of birth: Oviedo, España
  • Place of death: Distrito Federal, México

400 1# - VEÁSE - NOMBRE DE PERSONA

  • Control subfield: nnea
  • Personal name: Santullano, Luis,
  • Dates associated with a name: b. 1879

400 1# - VEÁSE - NOMBRE DE PERSONA

  • Personal name: Álvarez Santullano, Luis,
  • Dates associated with a name: 1879-1952

670 ## - FUENTE EN LA QUE SE LOCALIZARON DATOS

  • Cita de la fuente: Teresa, of Avila, Saint. Obras completas, 1957:
  • Información localizada: portada (Luis Santullano)

670 ## - FUENTE EN LA QUE SE LOCALIZARON DATOS

  • Cita de la fuente: LC in OCLC, 6-15-92
  • Información localizada: (hdg.: Santullano, Luis, 1879- )

670 ## - FUENTE EN LA QUE SE LOCALIZARON DATOS

  • Cita de la fuente: La obra narrativa de Luis A. Santullano, 2005?:
  • Información localizada: p. 11 (b. 1879 in Oviedo, Spain; novelist; d. 1952)

670 ## - FUENTE EN LA QUE SE LOCALIZARON DATOS

  • Cita de la fuente: Arraigos y exilios, 2012:
  • Información localizada: portada (Luis A. Santullano) p. 11 (Luis Álvarez Santullano; b. 1879, Oviedo; d. 1951, México, D.F)

670 ## - FUENTE EN LA QUE SE LOCALIZARON DATOS

  • Cita de la fuente: Cómo tener mejores escuelas : progresos educativos en Norteamérica, 1931:
  • Información localizada: portada (Luis Álvarez Santullano, traducción y prólogo)

902 ## - CATALOGADOR

  • Catalogador: Víctor Ruiz/210624